000 00546 a2200193 4500
999 _c6733
_d6733
003 GBCCL
005 20241126110610.0
008 180709b ||||| |||| 00| 0 eng d
020 _a9789385194870
040 _cgbc
082 _a262.1
_bNGA
100 _aNgaihte, Ginneithang
_912532
245 _aServant leadership, the master's design :
_ban Asian perspective/
_cGinneithang Ngaihte
260 _aHyderabad:
_bGS Books,
_c2017
300 _a296p.
650 _aLeadership
_93087
650 _aChristian leadership
_91568
942 _2ddc
_cBK
_047